000 01222nam0a22002891 4500
001 rc\225026
005 20260407121207.0
010 _a5-343-00481-4
_92200
035 _a(NLR Aleph) 005478706
090 _a5106590
_c5106590
100 _a20030307d1990 |||y0rusy50 ca
101 0 _arus
102 _aRU
105 _ay |||||||||
200 1 _aХозяйство, труд, право в условиях перестройки
_f[А.М. Абрамович, А.А. Войтик, А.В. Губич и др.]
_gПод ред. В.И. Семенкова
_gАН БССР. Ин-т философии и права
210 _aМинск
_cНавука i тэхнiка
_d1990
215 _a239, [1] с.
_d21
300 _aАвт. указаны на обороте тит. л.
320 _aБиблиогр. в примеч.: с. 230-239
701 1 _aАбрамович
_bА.М.
_gАлександр Михайлович
702 1 _aСеменков
_bВ.И.
_gВиктор Иванович
_4340
712 0 2 _aИнститут философии и права
_cМинск
_3RU\NLR\AUTH\889954932
_9405896
801 0 _aRU
_bNLR
_gpsbo
801 1 _aRU
_bELAR
_2rusmarc
852 _aNLR
_j90-3/1082
942 _cBOOK
980 _aNB